Países que incluyen “y” en su nombre - Estadísticas

Estadísticas generales
  • Esta prueba ha sido intentada 70 veces
  • La puntuación promedio es 5 de 6
Estadísticas de respuestas
Número de palabras País % Correcto
5 San Vicente y las Granadinas
91%
3 Antigua y Barbuda
89%
4 San Cristóbal y Nieves
87%
3 Trinidad y Tobago
87%
3 Bosnia y Herzegovina
81%
4 Santo Tomé y Príncipe
77%
No se encontraron pruebas coincidentes
Distribución de puntuación
Porcentaje de gente con cada puntuación
Porcentaje por número respondido
Historial de tus puntuaciones
No has intentado esta prueba.